000 01791nam a22001577a 4500
082 _a621
100 _aLodhi, Abdul Haseeb
_9121346
245 _aAnalysis of Airflow Patterns and Microplastic Particles Deposition of Various Shapes in Realistic Human Lungs Model using CFDDiscrete Phase Method /
_cAbdul Haseeb Lodhi
264 _aIslamabad :
_bSMME- NUST;
_c2024.
300 _a102p.
_bSoft Copy
_c30cm
500 _aThe presence of microplastics in the human respiratory system raises alarm regarding the adverse effects on human health from the exposure of these particles to airway tracts. Microplastics are byproducts of industrial processes and waste and are chemically hazardous for the human body. Therefore, prediction of deposition patterns of inhaled particles can help in reevaluating risk associated with these particles and indication of parts of human airways that are highly exposed to these risks. In this thesis, a study was conducted on deposition patterns of microplastic particles in human airways and the effect of airflow distribution on the deposition efficiency of these particles inside human lungs. An MRI scanned realistic human lung model was prepared as a CAD geometry on which CFD analysis was performed using DPM. Both spherical and non-spherical particles were injected for analysis. Parametric study was conducted with varying flow-rates, diameters and shape factors, the results of which can help in specifying parts of airways which can be most affected by the deposition and thus can be targeted by drug delivery system for efficient treatment.
650 _aMS Mechanical Engineering
_9119495
700 _aSupervisor : Dr. Adnan Munir
_9119527
856 _uhttp://10.250.8.41:8080/xmlui/handle/123456789/42269
942 _2ddc
_cTHE
999 _c608253
_d608253